Special Places to Stay in Britain for Garden Lovers/ (Record no. 36494)

MARC details
000 -LEADER
fixed length control field 00505nam a22001697a 4500
005 - DATE AND TIME OF LATEST TRANSACTION
control field 20240829115428.0
008 - FIXED-LENGTH DATA ELEMENTS--GENERAL INFORMATION
fixed length control field 240829b |||||||| |||| 00| 0 eng d
020 ## - INTERNATIONAL STANDARD BOOK NUMBER
ISBN 978-1-9061-41-3
082 ## - DEWEY DECIMAL CLASSIFICATION NUMBER
Classification number 712.6
Item number HOD-S
100 ## - MAIN ENTRY--AUTHOR
Author Name Hodgkinson, Tom
245 ## - TITLE STATEMENT
Title Special Places to Stay in Britain for Garden Lovers/
Statement of responsibility, etc. By Tom, Hodgkinson
260 ## - PUBLICATION, DISTRIBUTION, ETC.
Place of Publication UK :
Name of publisher, distributor, etc. Alastair Sawday Publishing co.Ltd ;
Date of publication, distribution, etc. 2011.
300 ## - PHYSICAL DESCRIPTION
Pages 239 p. :
500 ## - GENERAL NOTE
General note Include Index.
650 ## - SUBJECT ADDED ENTRY--TOPICAL TERM
Subject / Department Agriculture
300 ## - PHYSICAL DESCRIPTION
-- ill ;
-- 23 cm.
952 ## - LOCATION AND ITEM INFORMATION (KOHA)
-- 0
-- 0
Holdings
Lost status Damaged status Collection code Permanent Location Current Location Shelving Location Date acquired Full Call Number Accession No./Barcode Date last seen item type Koha item type
    Agriculture and Veterinary Superior Information Resource Center (SIRC) Superior University- Central Library Superior Information Resource Center (SIRC) Superior University- Central Library Agriculture 08/29/2024 712.6 HOD-S 2011 29379 08/29/2024 BOOK BOOK

Powered by Koha